The last mile / (Record no. 529806)

000 -LEADER
fixed length control field 03412cim a2200745 i 4500
001 - CONTROL NUMBER
control field 19450607
003 - CONTROL NUMBER IDENTIFIER
control field NUST
005 - DATE AND TIME OF LATEST TRANSACTION
control field 20191003123023.0
007 - PHYSICAL DESCRIPTION FIXED FIELD--GENERAL INFORMATION
fixed length control field sd fsngnnmmned
008 - FIXED-LENGTH DATA ELEMENTS--GENERAL INFORMATION
fixed length control field 170113s2016 nyunnn| f | eng d
010 ## - LIBRARY OF CONGRESS CONTROL NUMBER
LC control number 2016611860
020 ## - INTERNATIONAL STANDARD BOOK NUMBER
International Standard Book Number 9781478930006
020 ## - INTERNATIONAL STANDARD BOOK NUMBER
International Standard Book Number 1478930004
028 01 - PUBLISHER NUMBER
Publisher number 2-X3000
Source Hachette Audio
035 ## - SYSTEM CONTROL NUMBER
System control number (OCoLC)ocn947086704
038 ## - RECORD CONTENT LICENSOR
Staff Name waseem
040 ## - CATALOGING SOURCE
Original cataloging agency CNFSP
Language of cataloging eng
Description conventions rda
Transcribing agency CNFSP
Modifying agency OCLCO
-- IZ2
-- OCLCO
-- FIC
-- OCLCO
-- OCLCF
-- OCLCO
-- AW3
-- OCLCO
-- DLC
042 ## - AUTHENTICATION CODE
Authentication code lccopycat
050 00 - LIBRARY OF CONGRESS CALL NUMBER
Classification number SDC 77466
082 04 - DEWEY DECIMAL CLASSIFICATION NUMBER
Classification number 813.6
Author Mark BAL
100 1# - MAIN ENTRY--PERSONAL NAME
Personal name Baldacci, David,
Relator term author.
9 (RLIN) 6689
245 14 - TITLE STATEMENT
Title The last mile /
Statement of responsibility, etc. David Baldacci.
250 ## - EDITION STATEMENT
Edition statement Unabridged.
264 #1 - PRODUCTION, PUBLICATION, DISTRIBUTION, MANUFACTURE, AND COPYRIGHT NOTICE
Place of production, publication, distribution, manufacture New York, NY :
Name of producer, publisher, distributor, manufacturer Hachette Audio,
Date of production, publication, distribution, manufacture, or copyright notice [2016]
300 ## - PHYSICAL DESCRIPTION
Extent 10 audio discs (approximately 12 hrs) :
Other physical details digital ;
Dimensions 4 3/4 in.
306 ## - PLAYING TIME
Playing time 120000
336 ## - CONTENT TYPE
Content type term spoken word
Content type code spw
Source rdacontent
337 ## - MEDIA TYPE
Media type term audio
Media type code s
Source rdamedia
338 ## - CARRIER TYPE
Carrier type term audio disc
Carrier type code sd
Source rdacarrier
344 ## - SOUND CHARACTERISTICS
Type of recording digital
Recording medium optical
Source rda
347 ## - DIGITAL FILE CHARACTERISTICS
File type audio file
Encoding format CD audio
Source rda
490 1# - SERIES STATEMENT
Series statement [Amos Decker series]
500 ## - GENERAL NOTE
General note Title from container.
511 0# - PARTICIPANT OR PERFORMER NOTE
Participant or performer note Read by Kyf Brewer, Orlagh Cassidy.
520 ## - SUMMARY, ETC.
Summary, etc. Melvin Mars awaits his fate on Death Row. He was one of America's most promising football stars until, aged twenty-years-old, he was arrested and convicted for the murder of his parents just as he was due to begin a very lucrative contract with the NFL. When Amos Decker, newly appointed special agent with the FBI, hears the news that Melvin was saved in the final seconds before his execution because someone has confessed to the killings, he persuades his boss to allow him to carry out an investigation into the Mars murders.
610 10 - SUBJECT ADDED ENTRY--CORPORATE NAME
Corporate name or jurisdiction name as entry element United States.
Subordinate unit Federal Bureau of Investigation
Form subdivision Fiction.
9 (RLIN) 7579
610 17 - SUBJECT ADDED ENTRY--CORPORATE NAME
Corporate name or jurisdiction name as entry element United States.
Subordinate unit Federal Bureau of Investigation.
Source of heading or term fast
Authority record control number or standard number (OCoLC)fst00528882
9 (RLIN) 22643
650 #0 - SUBJECT ADDED ENTRY--TOPICAL TERM
Topical term or geographic name entry element Football injuries
Form subdivision Fiction.
9 (RLIN) 22644
650 #0 - SUBJECT ADDED ENTRY--TOPICAL TERM
Topical term or geographic name entry element Memory
Form subdivision Fiction.
9 (RLIN) 22645
650 #0 - SUBJECT ADDED ENTRY--TOPICAL TERM
Topical term or geographic name entry element Murder
General subdivision Investigation
Form subdivision Fiction.
9 (RLIN) 8002
650 #0 - SUBJECT ADDED ENTRY--TOPICAL TERM
Topical term or geographic name entry element Police
Form subdivision Fiction.
9 (RLIN) 22646
650 #0 - SUBJECT ADDED ENTRY--TOPICAL TERM
Topical term or geographic name entry element Government investigators
Form subdivision Fiction.
9 (RLIN) 10910
650 #0 - SUBJECT ADDED ENTRY--TOPICAL TERM
Topical term or geographic name entry element Death row inmates
Form subdivision Fiction.
9 (RLIN) 12116
650 #7 - SUBJECT ADDED ENTRY--TOPICAL TERM
Topical term or geographic name entry element Death row inmates.
Source of heading or term fast
Authority record control number or standard number (OCoLC)fst00888720
9 (RLIN) 22647
650 #7 - SUBJECT ADDED ENTRY--TOPICAL TERM
Topical term or geographic name entry element Football injuries.
Source of heading or term fast
Authority record control number or standard number (OCoLC)fst00931422
9 (RLIN) 22648
650 #7 - SUBJECT ADDED ENTRY--TOPICAL TERM
Topical term or geographic name entry element Government investigators.
Source of heading or term fast
Authority record control number or standard number (OCoLC)fst00945386
9 (RLIN) 22649
650 #7 - SUBJECT ADDED ENTRY--TOPICAL TERM
Topical term or geographic name entry element Memory.
Source of heading or term fast
Authority record control number or standard number (OCoLC)fst01015913
9 (RLIN) 1778
650 #7 - SUBJECT ADDED ENTRY--TOPICAL TERM
Topical term or geographic name entry element Murder
General subdivision Investigation.
Source of heading or term fast
Authority record control number or standard number (OCoLC)fst01029788
9 (RLIN) 22540
650 #7 - SUBJECT ADDED ENTRY--TOPICAL TERM
Topical term or geographic name entry element Police.
Source of heading or term fast
Authority record control number or standard number (OCoLC)fst01068398
9 (RLIN) 22650
655 #7 - INDEX TERM--GENRE/FORM
Genre/form data or focus term Thrillers (Fiction)
Source of term lcgft
9 (RLIN) 22542
655 #7 - INDEX TERM--GENRE/FORM
Genre/form data or focus term Detective and mystery fiction.
Source of term lcgft
9 (RLIN) 22541
655 #7 - INDEX TERM--GENRE/FORM
Genre/form data or focus term Audiobooks.
Source of term lcgft
9 (RLIN) 22543
655 #7 - INDEX TERM--GENRE/FORM
Genre/form data or focus term Suspense fiction.
Source of term gsafd
9 (RLIN) 4577
655 #7 - INDEX TERM--GENRE/FORM
Genre/form data or focus term Audiobooks.
Source of term fast
Authority record control number (OCoLC)fst01726208
9 (RLIN) 22543
655 #7 - INDEX TERM--GENRE/FORM
Genre/form data or focus term Detective and mystery fiction.
Source of term fast
Authority record control number (OCoLC)fst01726581
9 (RLIN) 22541
655 #7 - INDEX TERM--GENRE/FORM
Genre/form data or focus term Fiction.
Source of term fast
Authority record control number (OCoLC)fst01423787
9 (RLIN) 14229
655 #7 - INDEX TERM--GENRE/FORM
Genre/form data or focus term Suspense fiction.
Source of term fast
Authority record control number (OCoLC)fst01726755
9 (RLIN) 4577
655 #7 - INDEX TERM--GENRE/FORM
Genre/form data or focus term Suspense fiction.
Authority record control number (AW3)366460.
9 (RLIN) 4577
700 1# - ADDED ENTRY--PERSONAL NAME
Personal name Brewer, Kyf,
Relator term narrator.
9 (RLIN) 22651
700 1# - ADDED ENTRY--PERSONAL NAME
Personal name Cassidy, Orlagh,
Relator term narrator.
9 (RLIN) 22652
800 1# - SERIES ADDED ENTRY--PERSONAL NAME
Personal name Baldacci, David.
Title of a work Amos Decker series.
9 (RLIN) 22653
906 ## - LOCAL DATA ELEMENT F, LDF (RLIN)
a 7
b cbc
c copycat
d 2
e ncip
f 20
g y-soundrec
942 ## - ADDED ENTRY ELEMENTS (KOHA)
Source of classification or shelving scheme
Koha item type Book
Holdings
Withdrawn status Lost status Source of classification or shelving scheme Damaged status Not for loan Permanent Location Current Location Shelving location Date acquired Source of acquisition Total Checkouts Full call number Barcode Date last seen Date last checked out Price effective from Koha item type
          Central Library (CL) Central Library (CL) Fiction 10/03/2019 Donation 1 813.6 BAL CL-D-615 02/24/2025 03/22/2021 10/03/2019 Book
© 2023 Central Library, National University of Sciences and Technology. All Rights Reserved.